000
00293nam a22001337a 4500
008
171204b xxu||||| |||| 00| 0 eng d
020
_a
9781259135330
041
_a
eng
080
_a
54
100
_a
12
101
_a
KIM
245
_a
PHYSIOLOGICAL CHEMISTRY
_c
DENNISTON,K
942
_2
udc
_c
BK
999
_c
38776
_d
38776